000 00689nam a2200265Ia 4500
005 20260121172801.0
008 008 260114s9999 xx 000 0 eng d
020 _a9789811645709
037 _aEBOOK
040 _aCRL
040 _beng
040 _cCRL
041 _2eng
041 _aeng
084 _qCRL
100 _aSanjeev P. Sahni, Poulomi Bhadra
_91092687
245 0 _aCriminal Psychology and the Criminal Justice System in India and Beyond
260 _bSpringer
260 _bSpringer
260 _c2021
856 _uhttps://link.springer.com/openurl?genre=book&isbn=978-981-16-4570-9
942 _cEBOOK
999 _c1658427
_d1658427